000 00299nam a2200109Ia 4500
008 190216s9999||||xx |||||||||||||| ||und||
100 _a"Gopalaraman, Ramachandran, Devarajan, Richard Etc"
245 0 _aEngineering Entrance
260 _bContinental Publishers
_c1991
300 _a572p
942 _cREF
999 _c36142
_d36142